Legislatíva na ochranu zamestnanosti v Španielsku
Príspevok poskytuje obraz o reforme v oblasti legislatívnej ochrany zamestnanosti v podmienkach Španielska z roku 2010, ktorej cieľom malo byť výraznejšie odstránenie duality na trhu práce. Venuje sa tak pracovným kontraktom na dobu neurčitú, ako aj dočasným pracovným zmluvám a pozornosť je zameraná...
Enregistré dans:
| Auteur principal: | |
|---|---|
| Format: | Chapitre de livre |
| Langue: | slovaque |
| Sujets: | |
| Tags: |
Pas de tags, Soyez le premier à ajouter un tag!
|
MARC
| LEADER | 00000nla a2200000 4500 | ||
|---|---|---|---|
| 001 | 0184505 | ||
| 005 | 20240502073149.3 | ||
| 041 | 0 | |a slo | |
| 044 | |a SK | ||
| 245 | 1 | 0 | |a Legislatíva na ochranu zamestnanosti v Španielsku |c Roman Klimko |
| 520 | |a Príspevok poskytuje obraz o reforme v oblasti legislatívnej ochrany zamestnanosti v podmienkach Španielska z roku 2010, ktorej cieľom malo byť výraznejšie odstránenie duality na trhu práce. Venuje sa tak pracovným kontraktom na dobu neurčitú, ako aj dočasným pracovným zmluvám a pozornosť je zameraná práve na rozdiely medzi nimi. | ||
| 610 | 2 | 0 | |a zamestnanosť |
| 610 | 2 | 0 | |a legislatíva |
| 610 | 2 | 0 | |a ochrana práv občanov |
| 610 | 2 | 0 | |a zmluvy |
| 610 | 2 | 0 | |a zmluvy pracovné |
| 610 | 2 | 0 | |a pomer pracovný na dobu určitú |
| 610 | 2 | 0 | |a reformy |
| 610 | 2 | 0 | |a Španielsko |
| 100 | 1 | |a Klimko, Roman, 1985- | |